|
|
|
|
| LEADER |
01402nam a22003492a 4500 |
| 001 |
000376944 |
| 003 |
CZ BrMZK |
| 005 |
20190411131916.0 |
| 007 |
ta |
| 008 |
980107s1971 xr a d cze d |
| 015 |
|
|
|a cnb000434711
|
| 035 |
|
|
|a (OCoLC)42177889
|
| 040 |
|
|
|a BOA001
|b cze
|
| 072 |
|
7 |
|a 821.162.3-2
|x České drama
|2 Konspekt
|9 25
|
| 072 |
|
7 |
|a 821-93
|x Literatura pro děti a mládež (beletrie)
|2 Konspekt
|9 26
|
| 080 |
|
|
|a 821.162.3-2
|2 MRF
|
| 080 |
|
|
|a 821-93
|2 MRF
|
| 080 |
|
|
|a (0:82-2)
|2 MRF
|
| 080 |
|
|
|a (0:82-2)792.97
|2 MRF
|
| 100 |
1 |
|
|a Navara, František,
|d 1912-1989
|7 jk01082728
|4 aut
|
| 245 |
1 |
0 |
|a Dva kouzelníci, aneb, Barnabáš a Morénes :
|b loutková hra pro malé diváky, ale i pro jejich tatínky, dědečky, strýčky, maminky, babičky a jiné příbuzné /
|c František Navara
|
| 246 |
3 |
0 |
|a Barnabáš a Morénes
|
| 260 |
|
|
|a Praha :
|b Československé divadelní a literární jednatelství,
|c 1971
|
| 300 |
|
|
|a 67 s.
|
| 500 |
|
|
|a Rozmnoženo.
|
| 655 |
|
7 |
|a česká dramata
|7 fd133957
|2 czenas
|
| 655 |
|
7 |
|a loutkové hry
|7 fd132777
|2 czenas
|
| 655 |
|
7 |
|a publikace pro děti
|7 fd133156
|2 czenas
|
| 910 |
|
|
|a BOA001
|b PK-0063.202
|b 1-0673.691
|
| 990 |
|
|
|a BK
|
| 996 |
7 |
|
|b 2619517791
|c 1-0673.691
|l MZK
|r Sklad / do 1 hodiny
|n 0
|w 000376944
|u 000030
|a 1
|e BOA001
|j MZK50
|s A
|
| 996 |
7 |
|
|b 3119813506
|c PK-0063.202
|l MZK
|r Sklad / do 1 hodiny
|n 1
|w 000376944
|u 000010
|a 1
|e BOA001
|j MZK50
|s A
|